000 00235nam a22001217a 4500
020 _a81-8153-339-5
082 _a001
_bRAI/S
245 _aSCIENCE & TECHNOLOGY
260 _aDELHI
_bRAINBOW
300 _a16
650 _aGK
942 _cBK
999 _c6200
_d6200